000 00406nam a22001577a 4500
999 _c8009
_d8007
005 20220616120726.0
008 220616b ||||| |||| 00| 0 eng d
020 _a97815-43346-04-6
041 _aeng
100 _aTHAKARE, DR. CHANDRAKANT. V. AND OTHERS
_97292
245 _aHOSPITAL AND CLINICAL PHARMACY
260 _bS. VIKAS AND COMPANY
300 _a197;p
650 _aPHARMACY
_97293
942 _cBK